[Event "Pardubice op"]
[Site "Pardubice"]
[Date "1995.??.??"]
[Round "?"]
[White "Nielsen, Peter Heine"]
[Black "Savon, Vladimir A"]
[Result "1-0"]
[WhiteElo "2500"]
[BlackElo "2415"]

1.d4 Nf6 2.c4 e6 3.g3 c5 4.Nf3 cxd4 5.Nxd4 Bb4+ 6.Nc3 O-O 7.Bg2 d5 8.cxd5 Nxd5
9.Qb3 Nc6 10.Nxc6 bxc6 11.O-O Qa5 12.Bd2 Bxc3 13.bxc3 Ba6 14.Rfd1 Rab8 15.c4 Qc5
16.cxd5 Rxb3 17.axb3 Bxe2 18.Re1 cxd5 19.Rxe2 Qb6 20.b4 Rc8 21.Be1 h6 22.Rea2 Rc7
23.Bf1 Qd4 24.b5 Qc5 25.Bd2 e5 26.Rc1 Qe7 27.Rc6 Rd7 28.Ra4 d4 29.Bb4 Qe8
30.Bh3 Rd8 31.Rxa7 d3 32.Rac7 g6 33.b6 e4 34.Rc8 Kh7 35.Bd2 Rxc8 36.Rxc8 Qb5
37.Bc3 g5 38.b7 d2 39.Bxd2 Qb1+ 40.Rc1 Qxb7 41.Bf5+ Kg7 42.Be3 f6 43.Re1  1-0

[Event "DEN-ch playoff"]
[Site "Copenhagen"]
[Date "1996.??.??"]
[Round "1"]
[White "Nielsen, Peter Heine"]
[Black "Danielsen, Henrik"]
[Result "1-0"]
[WhiteElo "2530"]
[BlackElo "2495"]

1.c4 f5 2.Nc3 Nf6 3.d4 e6 4.Nf3 Bb4 5.Qb3 a5 6.g3 b6 7.Bg2 Bb7 8.O-O O-O
9.Rd1 Qc8 10.Qc2 Bxc3 11.Qxc3 d6 12.b3 Nbd7 13.Ne1 h6 14.Bb2 Bxg2 15.Nxg2 Qe8
16.Rac1 Qf7 17.Qc2 Ne4 18.Ba3 e5 19.dxe5 Nxe5 20.Bb2 Ng6 21.e3 Rae8 22.Qe2 Re7
23.Rd5 Kh7 24.Rcd1 Ng5 25.h4 Ne4 26.h5 Ne5 27.Nh4 c6 28.Rxd6 Ng4 29.Rg6 Rg8
30.Rf1 Ng5 31.Qd3 Nh3+ 32.Kg2 Nhxf2 33.Rxf2 Rd7 34.Qc3 Nxf2 35.Kxf2 Qe6 36.Rxe6  1-0

[Event "Copenhagen KS"]
[Site "Copenhagen"]
[Date "1996.??.??"]
[Round "2"]
[White "Nielsen, Peter Heine"]
[Black "Kumaran, Dharshan"]
[Result "1/2-1/2"]
[WhiteElo "2530"]
[BlackElo "2495"]

1.Nf3 d5 2.d4 Nf6 3.c4 dxc4 4.Nc3 a6 5.e4 b5 6.e5 Nd5 7.a4 e6 8.axb5 Nb6
9.Be2 Bb7 10.O-O axb5 11.Rxa8 Bxa8 12.Nxb5 Qd7 13.Na3 Bd5 14.Qc2 Bxa3 15.bxa3 Nc6
16.Rd1 Bxf3 17.Bxf3 Nxd4 18.Qe4 Nxf3+ 19.Qxf3 Qa4 20.Rd4 O-O 21.h3 Qa5 22.Bd2 c3
23.Qxc3 Qxe5 24.a4 Nd5 25.Qd3 c5 26.Rc4 Nb4 27.Qb3 Rd8 28.Bf4 Qe2 29.Be3 Qd1+
30.Qxd1 Rxd1+ 31.Kh2 Na6 32.Bxc5 Nxc5 33.Rxc5 g6 34.a5  1/2-1/2

[Event "Copenhagen KS"]
[Site "Copenhagen"]
[Date "1996.??.??"]
[Round "3"]
[White "Hector, Jonny"]
[Black "Nielsen, Peter Heine"]
[Result "1/2-1/2"]
[WhiteElo "2525"]
[BlackElo "2530"]

1.e4 c6 2.d4 d5 3.exd5 cxd5 4.c4 Nf6 5.Nc3 Nc6 6.Bg5 dxc4 7.d5 Na5 8.b4 cxb3
9.axb3 Bd7 10.Bd3 e6 11.dxe6 Bxe6 12.Bb5+ Nc6 13.Qxd8+ Rxd8 14.Rxa7 Bb4 15.Bxf6 gxf6
16.Ne2 O-O 17.Rxb7 Na5 18.Ra7 Rc8 19.O-O Rxc3 20.Nxc3 Bxc3 21.Bd7 Bxb3 22.Rc1 Bd2
23.Ra1 Nc4 24.Rb7 Bc2 25.Rc7 Bb3 26.Rb7 Bc2 27.Rc7 Bb3  1/2-1/2

[Event "Copenhagen KS"]
[Site "Copenhagen"]
[Date "1996.??.??"]
[Round "4"]
[White "Hellsten, Johan"]
[Black "Nielsen, Peter Heine"]
[Result "1/2-1/2"]
[WhiteElo "2490"]
[BlackElo "2530"]

1.e4 c5 2.Nf3 e6 3.d4 cxd4 4.Nxd4 Nf6 5.Nc3 d6 6.Be2 Be7 7.O-O O-O 8.f4 Nc6
9.Be3 Bd7 10.Ndb5 Qb8 11.a4 Rd8 12.Bf3 d5 13.exd5 exd5 14.Nxd5 Nxd5 15.Qxd5 Be6
16.Qh5 g6 17.Qh6 a6 18.f5 Bxf5 19.Bxc6 bxc6 20.Nd4 Qxb2 21.Rab1 Qc3 22.Rb3 Qc4
23.Qf4 Be6 24.Nxe6 Qxe6 25.Bb6 Bd6 26.Qh4 Re8 27.Rh3 h5 28.Re3 Qd7 29.Ref3 f5
30.Rd3 Re6 31.Qc4 Kh7 32.Rfd1 Qf7 33.Qb3 Qe7 34.Bf2 Bc5 35.Rd7 Re1+ 36.Rxe1 Bxf2+
37.Kxf2 Qxd7 38.Qb4 Re8 39.Rxe8 Qxe8 40.Qb7+ Kh6 41.Qxa6 Qe4 42.a5 Qf4+ 43.Kg1 Qe3+
44.Kf1 Qc1+ 45.Kf2 Qf4+  1/2-1/2

[Event "DEN-ch playoff 30'"]
[Site "Copenhagen"]
[Date "1996.??.??"]
[Round "5"]
[White "Danielsen, Henrik"]
[Black "Nielsen, Peter Heine"]
[Result "0-1"]
[WhiteElo "2495"]
[BlackElo "2530"]

1.c4 c5 2.Nf3 g6 3.g3 Bg7 4.Bg2 Nc6 5.O-O e5 6.Nc3 Nge7 7.d3 d6 8.a3 O-O
9.Rb1 a5 10.Ne1 Be6 11.Nc2 d5 12.cxd5 Nxd5 13.Ne3 Nde7 14.Ne4 b6 15.Bd2 h6
16.Nc4 Rb8 17.a4 Nd5 18.Ned6 Kh7 19.Kh1 f5 20.f4 exf4 21.gxf4 Ndb4 22.Qe1 Nd4
23.Bxb4 cxb4 24.e3 Nc2 25.Qd2 b3 26.Rg1 Bxc4 27.Nxc4 Rc8 28.Ne5 Bxe5 29.fxe5 Nb4
30.d4 Rc2 31.Qd1 Qe7 32.Bf3 Rfc8 33.Rg2 h5 34.Qf1 h4 35.Rd1 Rxg2 36.Qxg2 Rc2
37.Be2 Rxb2 38.Rg1 Qe6 39.Qf2 Qd5+ 40.Rg2 h3  0-1

[Event "Politiken Cup"]
[Site "Copenhagen"]
[Date "1996.??.??"]
[Round "6"]
[White "Nouro, Mikael"]
[Black "Nielsen, Peter Heine"]
[Result "0-1"]
[WhiteElo "2275"]
[BlackElo "2495"]

1.e4 c6 2.d4 d5 3.Nd2 dxe4 4.Nxe4 Bf5 5.Ng3 Bg6 6.h4 h6 7.h5 Bh7 8.Nf3 Nd7
9.Bd3 Bxd3 10.Qxd3 e6 11.Bf4 Bb4+ 12.c3 Be7 13.O-O-O Ngf6 14.Kb1 O-O 15.Rhe1 a5
16.Ne5 a4 17.c4 Qa5 18.Nf5 Rfe8 19.Nxh6+ gxh6 20.Bxh6 Bf8 21.Qg3+ Kh7 22.Qd3+ Kg8
23.Qg3+ Kh7 24.Bxf8 Rxf8 25.h6 Rg8 26.Qd3+ Rg6 27.Nxg6 fxg6 28.Rxe6 Qf5 29.Re7+ Kxh6
30.Qxf5 gxf5 31.Rde1 f4 32.R1e6 Kg5 33.Rd6 Nf8 34.Rg7+ Kf5 35.Rxb7 Re8 36.Rxc6 Re1+
37.Kc2 Re2+ 38.Kd1 Rxf2 39.Rb5+ Kg6 40.Rbb6 Nd7 41.Rb7 Kf5 42.Ra6 Rxg2 43.c5 f3
44.c6 Rg1+ 45.Kc2 f2 46.cxd7 Rc1+ 47.Kxc1 f1=Q+ 48.Kd2 Nxd7 49.Rba7 Qb1 50.Rxa4 Qxb2+
51.Kd3 Qb5+ 52.Kc2 Ke4 53.Ra3 Nb6 54.Re7+ Kxd4 55.Ree3 Qc6+ 56.Kb1 Qh1+ 57.Kc2 Qg2+
58.Kc1 Nc4 59.Red3+ Ke4 60.Rab3 Qxa2 61.Rdc3 Qd2+ 62.Kb1 Qd1+ 63.Ka2 Nd2
64.Rb4+ Kd5 65.Rb2 Qa4+ 66.Ra3 Qc4+ 67.Ka1 Ke4 68.Ra7 Nb3+ 69.Ka2 Nc5+ 70.Ka3 Qc1
71.Ka2 Kd4 72.Rb4+ Kc3 73.Rb3+ Kd4 74.Rb4+ Kd5 75.Ra3 Qc2+ 76.Rb2 Qc4+ 77.Ka1 Nd3
78.Rbb3 Qc1+ 79.Ka2 Qd2+ 80.Kb1 Qd1+  0-1

[Event "Politiken Cup"]
[Site "Copenhagen"]
[Date "1996.??.??"]
[Round "7"]
[White "Nielsen, Peter Heine"]
[Black "Glek, Igor V"]
[Result "1/2-1/2"]
[WhiteElo "2495"]
[BlackElo "2635"]

1.d4 Nf6 2.c4 g6 3.Nf3 Bg7 4.g3 O-O 5.Bg2 c6 6.Nc3 d5 7.cxd5 cxd5 8.Ne5 Nc6
9.O-O e6 10.Nxc6 bxc6 11.b3 Nd7 12.e4 Ba6 13.Re1 Rc8 14.Be3 Re8 15.Qd2 Qa5
16.a3 Qd8 17.Na4 Bb5 18.Nc3 Ba6 19.Na4 Bb5 20.Nc3  1/2-1/2

[Event "Copenhagen KS"]
[Site "Copenhagen"]
[Date "1996.??.??"]
[Round "9"]
[White "Nielsen, Peter Heine"]
[Black "Schandorff, Lars"]
[Result "1/2-1/2"]
[WhiteElo "2530"]
[BlackElo "2495"]

1.d4 d5 2.c4 c6 3.Nf3 Nf6 4.Nc3 e6 5.Bg5 h6 6.Bxf6 Qxf6 7.e3 Nd7 8.Bd3 dxc4
9.Bxc4 g6 10.O-O Bg7 11.Rc1 O-O 12.Re1 Rd8 13.e4 e5 14.Qb3 Qe7 15.d5 Nb6
16.dxc6 bxc6  1/2-1/2

[Event "Politiken Cup"]
[Site "Copenhagen"]
[Date "1996.??.??"]
[Round "9"]
[White "Nielsen, Peter Heine"]
[Black "Hjartarson, Johann"]
[Result "1-0"]
[WhiteElo "2495"]
[BlackElo "2570"]

1.d4 Nf6 2.c4 e6 3.g3 d5 4.Nf3 dxc4 5.Bg2 Nc6 6.Qa4 Bd7 7.Qxc4 Na5 8.Qd3 c5
9.O-O Bc6 10.Nc3 c4 11.Qc2 Bb4 12.Bg5 O-O 13.Rad1 h6 14.d5 exd5 15.Bxf6 Qxf6
16.Nxd5 Bxd5 17.Rxd5 Nc6 18.Rb1 Rac8 19.Bh3 Rcd8 20.Qxc4 Rxd5 21.Qxd5 Re8
22.Qc4 Re7 23.Bg2 Ba5 24.e3 Rd7 25.h4 g6 26.Bh3 Rd8 27.Qf4 Kg7 28.Qxf6+ Kxf6
29.Bg2 Rd7 30.Rc1 Bb6 31.Kf1 Ne5 32.Nxe5 Kxe5 33.Ke2 Kf6 34.Rd1 Rc7 35.Be4 h5
36.Rd5 Bc5 37.f4 b6 38.Bd3 Be7 39.b3 Kg7 40.e4 Kf8 41.Bc4 Ke8 42.a4 a5 43.Kf3 Rc8
44.Rd1 Rd8 45.Rc1 Bc5 46.Bd5 Kf8 47.b4 Bxb4 48.Rc7 Be7 49.Ke3 Rb8 50.Bc4 Rd8
51.Bd5 Rb8 52.f5 gxf5 53.exf5 f6 54.Be6 b5 55.g4 b4 56.gxh5 b3 57.h6 b2 58.Ba2 b1=Q
59.Bxb1 Kg8 60.Ba2+ Kh8 61.Rxe7 Rb6 62.Kd4 Rb4+ 63.Bc4 Rxa4 64.Re6  1-0

[Event "Politiken Cup"]
[Site "Copenhagen"]
[Date "1996.??.??"]
[Round "10"]
[White "Kulaots, Kaido"]
[Black "Nielsen, Peter Heine"]
[Result "1/2-1/2"]
[WhiteElo "2400"]
[BlackElo "2495"]

1.e4 c6 2.d4 d5 3.Nd2 dxe4 4.Nxe4 Bf5 5.Ng3 Bg6 6.N1e2 e6 7.Nf4 Bd6 8.h4 Qc7
9.Nxg6 hxg6 10.Ne4 Nf6 11.Nxd6+ Qxd6 12.c3 Nbd7 13.Bg5 Qd5 14.Be2 O-O-O 15.O-O Qd6  1/2-1/2

[Event "DEN-chT9596"]
[Site "DEN"]
[Date "1996.??.??"]
[Round "7"]
[White "Danielsen, Henrik"]
[Black "Nielsen, Peter Heine"]
[Result "1-0"]
[WhiteElo "2430"]
[BlackElo "2500"]

1.d4 Nf6 2.Nf3 g6 3.c4 Bg7 4.g3 O-O 5.Bg2 d6 6.Nc3 Nbd7 7.O-O e5 8.e4 a6
9.h3 b5 10.cxb5 axb5 11.dxe5 dxe5 12.b4 Qe7 13.Rb1 Bb7 14.Qe2 Nb6 15.Be3 Rfc8
16.Nd2 Nfd7 17.Rfc1 c6 18.h4 Ra3 19.Bh3 Rca8 20.Qd1 Na4 21.Nxa4 R3xa4 22.Nb3 Nf6
23.Bc5 Qe8 24.Na5 Bc8 25.Bxc8 Qxc8 26.Bb6 Nxe4 27.Qd3 Qf5 28.Re1 Nf6 29.Qxf5 gxf5
30.Nxc6 Nd5 31.Bc5 Rxa2 32.Rbd1 R2a6 33.Nxe5 Nc3 34.Rd3 Ne4 35.Nd7 Ra1 36.Rxa1 Rxa1+
37.Kg2 Nxc5 38.Nxc5 Bf8 39.Rd5 Rb1 40.Na6 Ra1 41.Nc7 Ra4 42.Rxf5 Rxb4 43.Nxb5 Re4
44.Nc3 Re6 45.Nd5 Bg7 46.h5 h6 47.g4 Bd4 48.Rf4 Ba7 49.Ra4 Bc5 50.Rc4 Ba7
51.Rc7 Bb6 52.Rb7 Bc5 53.f4 Kf8 54.Rc7 Bb6 55.Rc8+ Kg7 56.Kf3 Rd6 57.Ke4 Re6+
58.Kd3 Rd6 59.Kc4 Bf2 60.Re8 Rc6+ 61.Kd3 Bc5 62.g5 Re6 63.Rc8 Be7 64.f5 Re5
65.f6+ Bxf6 66.gxf6+ Kh7 67.Rc5 Rxh5 68.Ke4 Rg5 69.Rc8 Rg8 70.Rxg8  1-0

[Event "Eikrem mem"]
[Site "Gausdal"]
[Date "1996.??.??"]
[Round "6"]
[White "Bator, Robert"]
[Black "Nielsen, Peter Heine"]
[Result "1/2-1/2"]
[WhiteElo "2445"]
[BlackElo "2530"]

1.d4 e6 2.g3 f5 3.Bg2 Nf6 4.Nh3 d5 5.O-O Bd6 6.c4 c6 7.Qc2 O-O 8.Bf4 Be7
9.Nd2 Na6 10.a3 h6 11.b4 g5 12.Be5 Ng4 13.Rab1 Bd7 14.Rb3 b5 15.c5 Nxe5 16.dxe5 Nc7
17.f4 Rf7 18.Nf2 a5 19.Nf3 a4 20.Rd3  1/2-1/2

[Event "Eikrem mem"]
[Site "Gausdal"]
[Date "1996.??.??"]
[Round "7"]
[White "Nielsen, Peter Heine"]
[Black "Ostenstad, Berge"]
[Result "0-1"]
[WhiteElo "2530"]
[BlackElo "2465"]

1.d4 Nf6 2.c4 g6 3.Nc3 d5 4.Nf3 Bg7 5.Qb3 dxc4 6.Qxc4 O-O 7.e4 Nc6 8.Be2 Bg4
9.Be3 Bxf3 10.Bxf3 e5 11.d5 Nd4 12.Bd1 a6 13.O-O b5 14.Qd3 c5 15.b3 Ne8 16.a4 Nd6
17.axb5 axb5 18.Rxa8 Qxa8 19.Bxd4 c4 20.Qg3 exd4 21.Qxd6 dxc3 22.Qb4 Qa2
23.Qxb5 c2 24.Qxc4 cxd1=Q 25.Rxd1 Rb8 26.d6 Bf6 27.d7 Bd8 28.Rc1 Qxb3 29.Qd4 Qc2
30.Rf1 Rb1 31.g3 Rxf1+ 32.Kxf1 Qc6 33.h4 h5 34.e5 Qb6 35.Qd3 Kf8 36.Qa3+ Kg7
37.Qd3 Kf8 38.Qa3+ Kg7 39.Qd3 Qc5 40.f4 Kf8 41.f5 Qxe5 42.fxg6 Qf6+ 43.Kg2 fxg6
44.Qf3 Qf5 45.Qc6 Ke7 46.Kg1 Qd3 47.Kg2 Qd6 48.Qe4+ Qe6 49.Qd3 Bb6 50.Kh2 Kd8
51.Kg2 Qa2+ 52.Kh1 Qa1+ 53.Kg2 Qg1+  0-1

[Event "Eikrem mem"]
[Site "Gausdal"]
[Date "1996.??.??"]
[Round "9"]
[White "Leer Salvesen, Bjarte"]
[Black "Nielsen, Peter Heine"]
[Result "0-1"]
[WhiteElo "2220"]
[BlackElo "2530"]

1.c4 g6 2.g3 Bg7 3.Bg2 Nf6 4.Nc3 O-O 5.Nf3 d5 6.cxd5 Nxd5 7.O-O c5 8.Nxd5 Qxd5
9.d3 Nc6 10.Bf4 Qd7 11.Qc2 e5 12.Bd2 b6 13.Rac1 Bb7 14.a3 Rac8 15.Qb1 Rfe8
16.b4 cxb4 17.axb4 Nd4 18.Nxd4 Rxc1 19.Rxc1 Bxg2 20.Kxg2 exd4 21.e4 dxe3
22.Bxe3 h5 23.h4 Qd5+ 24.Kh2 Qf3 25.Rc4 Rxe3 26.fxe3 Qf2+ 27.Kh1 Qxg3 28.Re4 f5
29.Qa2+ Kh7 30.Re8 Qxh4+ 31.Qh2 Qxb4 32.d4 a5 33.Qc7 Qe1+ 34.Kg2 Qe2+ 35.Kg1 Qg4+
36.Kf1 Kh6 37.Re7 Bf6 38.Rd7 Qf3+ 39.Kg1 Qxe3+ 40.Kf1 Bxd4  0-1

[Event "Gistrup"]
[Site "Gistrup"]
[Date "1996.??.??"]
[Round "2"]
[White "Nielsen, Peter Heine"]
[Black "Aleksandrov, Aleksej"]
[Result "1/2-1/2"]
[WhiteElo "2530"]
[BlackElo "2550"]

1.d4 Nf6 2.Nf3 e6 3.g3 b5 4.Bg2 Bb7 5.O-O c5 6.Bg5 h6 7.Bxf6 Qxf6 8.c3 Qd8
9.a4 b4 10.cxb4 cxb4 11.a5 Be7 12.Nbd2 O-O 13.Nb3 d6 14.e3 Qd7 15.Nfd2  1/2-1/2

[Event "Gistrup"]
[Site "Gistrup"]
[Date "1996.??.??"]
[Round "3"]
[White "Volzhin, Alexander"]
[Black "Nielsen, Peter Heine"]
[Result "1-0"]
[WhiteElo "2485"]
[BlackElo "2530"]

1.Nf3 Nf6 2.c4 b6 3.d4 e6 4.g3 Bb7 5.Bg2 Be7 6.Nc3 Ne4 7.Bd2 Bf6 8.O-O O-O
9.Rc1 Nxd2 10.Qxd2 d6 11.d5 e5 12.h4 g6 13.Bh3 Bg7 14.h5 Nd7 15.Kg2 Nf6 16.hxg6 hxg6
17.Rh1 c6 18.Ng5 cxd5 19.cxd5 Nh5 20.Nce4 Re8 21.Bg4 Nf6 22.Nxf6+ Qxf6 23.Rc7 Re7
24.Ne4 Rxc7 25.Nxf6+ Bxf6 26.e4 Bc8 27.Be2 a5 28.Rc1 Rc5 29.a3 Bd7 30.b3 Kg7
31.a4 Rac8 32.Rxc5 Rxc5 33.b4 axb4 34.Qxb4 Bd8 35.Bb5 Bc8 36.Bc6 Bc7 37.Qd2 Bd8
38.Qe2 Bg5 39.Qb2 Bd8 40.f4 Bf6 41.Qxb6 Rc2+ 42.Kf3 Rc3+ 43.Kf2 Bg4 44.a5 exf4
45.gxf4 Bh4+ 46.Kg2 Bf3+ 47.Kh2 Be1 48.Qd4+ Kh7 49.a6 Bg4 50.Kg2 Rc2+ 51.Kg1 Bh4
52.Bb5 Ra2 53.a7 Bf3 54.Qe3 Bxe4 55.Qxe4 Rxa7 56.f5 Bf6 57.fxg6+ fxg6 58.Be8 Rg7
59.Qe6 Be5 60.Kg2 g5 61.Qf5+ Kh8 62.Bg6 Rg8 63.Qh3+  1-0

[Event "Gistrup"]
[Site "Gistrup"]
[Date "1996.??.??"]
[Round "4"]
[White "Schandorff, Lars"]
[Black "Nielsen, Peter Heine"]
[Result "1-0"]
[WhiteElo "2495"]
[BlackElo "2530"]

1.d4 e6 2.c4 f5 3.g3 Nf6 4.Bg2 d5 5.Nf3 c6 6.O-O Bd6 7.Nc3 O-O 8.Qc2 Ne4
9.Rb1 Qe7 10.Bf4 Bxf4 11.gxf4 Nd7 12.b4 b6 13.b5 Nxc3 14.Qxc3 Bb7 15.cxd5 exd5
16.bxc6 Rac8 17.Ne5 Nxe5 18.fxe5 Bxc6 19.Qb3 Qd7 20.Rfc1 Rfd8 21.Rc3 h6 22.Rbc1 Kh7
23.Qc2 Ba4 24.Qb1 Rxc3 25.Rxc3 Qe6 26.Bh3 Bd7 27.Rc7 Qg6+ 28.Kh1 Be6 29.Rxa7 Qh5
30.Qd3 Rd7 31.Rxd7 Bxd7 32.Bg2 Be6 33.Kg1 Qe8 34.Qc2 Qd7 35.e3 Bf7 36.Bh3 Be6
37.Bg2 Bf7 38.Bf1 Be6 39.Bd3 Qc8 40.Qb1 h5 41.Qxb6  1-0

[Event "Gistrup"]
[Site "Gistrup"]
[Date "1996.??.??"]
[Round "6"]
[White "Rasmussen, Karsten"]
[Black "Nielsen, Peter Heine"]
[Result "1/2-1/2"]
[WhiteElo "2435"]
[BlackElo "2530"]

1.c4 Nf6 2.Nc3 g6 3.g3 Bg7 4.Bg2 O-O 5.Nf3 c6 6.O-O d5 7.cxd5 cxd5 8.d4 Ne4
9.Ne5 Nxc3 10.bxc3 Nc6 11.Nxc6 bxc6 12.Qa4 Qb6  1/2-1/2

[Event "Gistrup"]
[Site "Gistrup"]
[Date "1996.??.??"]
[Round "8"]
[White "Meyer, Lars A"]
[Black "Nielsen, Peter Heine"]
[Result "0-1"]
[WhiteElo "2275"]
[BlackElo "2530"]

1.d4 e6 2.e4 d5 3.exd5 exd5 4.Bd2 c5 5.Nf3 c4 6.Be2 Nf6 7.O-O Be7 8.b3 cxb3
9.axb3 O-O 10.c4 Nc6 11.Ne5 Be6 12.Nc3 Bb4 13.Na2 Be7 14.Nc3 Re8 15.Bf4 dxc4
16.Nxc6 bxc6 17.bxc4 Bb4 18.Na2 Bd6 19.Be5 Ne4 20.Bf3 Bxe5 21.dxe5 Nd2 22.Bxc6 Nxf1
23.Qxf1 Rc8 24.Bxe8 Qxe8 25.Qe1 Rxc4 26.Qa5  0-1

[Event "Minsk"]
[Site "Minsk"]
[Date "1996.??.??"]
[Round "1"]
[White "Kupreichik, Viktor D"]
[Black "Nielsen, Peter Heine"]
[Result "1/2-1/2"]
[WhiteElo "2485"]
[BlackElo "2495"]

1.e4 c6 2.Nc3 d5 3.d4 dxe4 4.Nxe4 Bf5 5.Ng3 Bg6 6.Bc4 e6 7.N1e2 Bd6 8.Nf4 Qh4
9.Ngh5 Bxh5 10.Nxh5 Nf6 11.Nxf6+ gxf6 12.Be3 Nd7 13.Qd2 Nb6 14.Be2 Nd5 15.O-O-O Nxe3
16.fxe3 O-O-O 17.g3 Qg5 18.e4 Qxd2+ 19.Rxd2 h5 20.Rd3 h4 21.Rf1 hxg3 22.hxg3 Be7
23.g4  1/2-1/2

[Event "Minsk"]
[Site "Minsk"]
[Date "1996.??.??"]
[Round "6"]
[White "Fedorov, Alexei"]
[Black "Nielsen, Peter Heine"]
[Result "1/2-1/2"]
[WhiteElo "2540"]
[BlackElo "2495"]

1.e4 c6 2.d4 d5 3.e5 Bf5 4.Nf3 e6 5.Be2 Ne7 6.O-O Bg6 7.Nbd2 c5 8.c4 cxd4
9.Nxd4 Nec6 10.N2f3 dxc4 11.Bg5 Qb6 12.Bxc4 Bc5 13.Nb3 Be7 14.Qe2 O-O 15.Rfd1 Bh5
16.Bxe7 Nxe7 17.Qe4 Nbc6 18.Ng5 Bg6 19.Qf4 Rad8 20.Rd6 h6 21.Nf3 Nf5 22.Rdd1 Rxd1+
23.Rxd1 Rd8 24.Rxd8+ Qxd8 25.Qd2 Qc7 26.g4 Nfe7 27.Qd6 Qb6 28.Nfd2 Bc2 29.Qd7 Qd8
30.Qxd8+ Nxd8 31.Nd4 Bd1 32.Be2 Bxe2 33.Nxe2 Ndc6 34.f4 Nb4 35.a4 Nd3 36.Nc4 Ng6
37.a5 Ngxf4 38.Nxf4 Nxf4 39.Nd6 b6 40.a6 Nd5 41.Nb5 Nb4 42.Nxa7 Nxa6 43.Nc8 b5
44.Kf2 Nb4 45.Ke3 Nc6 46.Ke4 Kf8 47.b4 Nxb4 48.Nd6 Kg8 49.Nxb5 Kh7 50.Nd6 Kg6
51.h4 Nc6 52.Kf4 Nd8 53.h5+ Kh7 54.g5 hxg5+ 55.Kxg5 Nc6 56.Nxf7 Kg8 57.Nd6  1/2-1/2

[Event "Minsk"]
[Site "Minsk"]
[Date "1996.??.??"]
[Round "7"]
[White "Nielsen, Peter Heine"]
[Black "Savchenko, Stanislav"]
[Result "1/2-1/2"]
[WhiteElo "2495"]
[BlackElo "2585"]

1.c4 e5 2.Nc3 Nc6 3.g3 Bb4 4.Bg2 Nf6 5.Nf3 O-O 6.O-O e4 7.Ng5 Bxc3 8.bxc3 Re8
9.f3 e3 10.d3 d5 11.cxd5 Nxd5 12.Qb3 Na5 13.Qa3 b6 14.f4 Bb7 15.c4 Ne7 16.Bxb7 Nxb7
17.Bb2 c5 18.f5 f6  1/2-1/2

[Event "Minsk"]
[Site "Minsk"]
[Date "1996.??.??"]
[Round "10"]
[White "Aleksandrov, Aleksej"]
[Black "Nielsen, Peter Heine"]
[Result "1-0"]
[WhiteElo "2535"]
[BlackElo "2495"]

1.d4 e6 2.c4 Nf6 3.Nc3 Bb4 4.e3 O-O 5.Bd3 d5 6.cxd5 exd5 7.Ne2 c5 8.a3 cxd4
9.axb4 dxc3 10.Nxc3 Na6 11.Bxa6 bxa6 12.Qd4 Qb6 13.Ne2 Bd7 14.Bd2 Rfc8 15.Bc3 Qb7
16.O-O Bb5 17.Rfe1 Bxe2 18.Rxe2 Rc4 19.Qd3 Qb5 20.Rd1 Rac8 21.h3 Ne4 22.Be1 Nf6
23.Ra1 Qb6 24.f3 Nh5 25.g3 Rc1 26.Rxc1 Rxc1 27.Kg2 Qb5 28.Qxb5 axb5 29.Bc3 Nf6
30.Rd2 h6 31.g4 Kh7 32.h4 Kg6 33.Kg3 Rg1+ 34.Kf4 Rf1 35.Rd3 a6 36.Kg3 Rg1+
37.Kf2 Rc1 38.Kg2 Rc2+ 39.Kg3 Rc1 40.Bd4 Rc4 41.Bc3 h5 42.g5 d4 43.Rxd4 Rxd4
44.Bxd4 Nd5 45.Bc5 f5 46.e4 f4+ 47.Kf2 Nc7 48.Ke2 Ne6 49.Kd3 Kf7 50.e5 g6
51.Ke4 Ke8 52.Kd5 Kd7 53.Bd6 Ng7 54.e6+ Nxe6 55.Be5 Nd8 56.Bxf4 Nc6 57.Bd6 a5
58.f4 axb4 59.f5 gxf5 60.g6 Nd4  1-0

[Event "Skolernes Skakklub"]
[Site "Aarhus"]
[Date "1997.06.27"]
[Round "8"]
[White "Adams, Michael"]
[Black "Nielsen, Peter Heine"]
[Result "1-0"]
[WhiteElo "2665"]
[BlackElo "2525"]

1.e4 e5 2.Bc4 Nf6 3.d3 Bc5 4.Nf3 Nc6 5.c3 a6 6.Bb3 Ba7 7.Nbd2 d6 8.h3 h6
9.Nf1 Be6 10.Bc2 Qd7 11.Ng3 d5 12.Qe2 dxe4 13.dxe4 b5 14.Bb3 O-O 15.O-O Bxb3
16.axb3 Qe6 17.b4 Bb6 18.Ra3 Kh7 19.Be3 Bxe3 20.Qxe3 a5 21.bxa5 Nxa5 22.Qc5 Nd7
23.Qxb5 Rfb8 24.Qe2 Rxb2 25.Qxb2 Nc4 26.Rxa8 Nxb2 27.Rb1 Nd3 28.Ra7 c6 29.Rbb7 N3c5
30.Rc7 g6 31.h4 f5 32.Nd4  1-0

[Event "MK Cafe op-A"]
[Site "Koszalin"]
[Date "1997.08.08"]
[Round "7"]
[White "Nielsen, Peter Heine"]
[Black "Wismont, Ryszard"]
[Result "1-0"]
[WhiteElo "2515"]
[BlackElo "2285"]

1.e4 e5 2.Nf3 Nc6 3.Bb5 a6 4.Ba4 d6 5.c3 Bd7 6.d4 Qe7 7.O-O g6 8.dxe5 dxe5
9.c4 O-O-O 10.Nc3 h6 11.Nd5 Qe6 12.b4 Bg7 13.Be3 f5 14.b5 Nb8 15.Rb1 fxe4
16.Nd2 axb5 17.Bxb5 Bxb5 18.Rxb5 Nf6 19.Qb3 Nxd5 20.cxd5 Qa6 21.Rb1 Nd7 22.Rxb7 Nf6
23.Ra7 Qd3 24.Qb7+  1-0

[Event "MK Cafe op-A"]
[Site "Koszalin"]
[Date "1997.08.10"]
[Round "9"]
[White "Nielsen, Peter Heine"]
[Black "Payen, Arnaud"]
[Result "1/2-1/2"]
[WhiteElo "2515"]
[BlackElo "2365"]

1.e4 e5 2.Nf3 Nc6 3.Bb5 a6 4.Bxc6 dxc6 5.O-O Bg4 6.h3 h5 7.d3 Qf6 8.Nbd2 Ne7
9.Nc4 Bxf3 10.Qxf3 Qxf3 11.gxf3 Ng6 12.Be3 Bd6 13.Kh2 f6 14.Kg3 Kf7 15.Rfb1 Rhe8
16.b4 Nf8 17.Na5 Reb8 18.c4 Ne6 19.c5 Be7 20.Rd1 g6 21.d4 exd4 22.Bxd4 Rd8
23.Be3 Rxd1 24.Rxd1 Rb8 25.f4 f5 26.Kf3 Rd8 27.Rb1 Rb8 28.a4 Bf6 29.b5 fxe4+
30.Kxe4 axb5 31.axb5 Re8 32.bxc6 Nd4+ 33.Kd5 Rd8+ 34.Kc4 b5+ 35.Kb4 Nc2+
36.Kb3 Nd4+ 37.Kb4 Nc2+  1/2-1/2

[Event "DEN-chT 9798"]
[Site "Denmark"]
[Date "1997.11.02"]
[Round "1"]
[White "Rasmussen, Karsten"]
[Black "Nielsen, Peter Heine"]
[Result "0-1"]
[WhiteElo "2425"]
[BlackElo "2525"]

1.c4 b6 2.Nc3 e6 3.d4 Bb4 4.e4 Bb7 5.f3 f5 6.exf5 Nh6 7.fxe6 Nf5 8.Ne2 O-O
9.Qd3 dxe6 10.a3 Bc5 11.Ne4 Nxd4 12.Nxc5 bxc5 13.Ng3 Nbc6 14.Be2 Ne5 15.Qc3 Bxf3
16.gxf3 Nexf3+ 17.Kf2 Ng1+ 18.Ke1 Ngxe2 19.Nxe2 Rf3 20.Qd2 Qh4+  0-1

[Event "DEN-chT 9798"]
[Site "Denmark"]
[Date "1997.11.15"]
[Round "2"]
[White "Nielsen, Peter Heine"]
[Black "Greger, Roland"]
[Result "1-0"]
[WhiteElo "2525"]
[BlackElo "2310"]

1.c4 e5 2.Nc3 Nf6 3.Nf3 d6 4.g3 Bg4 5.Bg2 Nbd7 6.O-O g6 7.h3 Be6 8.Ng5 c6
9.Nxe6 fxe6 10.e4 Bg7 11.d3 O-O 12.Be3 Qe7 13.b4 Rfd8 14.Rb1 Nb6 15.Qb3 Qf7
16.c5 Nc8 17.cxd6 Rxd6 18.Rfd1 Nd7 19.Na4 b6 20.h4 Nf8 21.Nb2 Rd8 22.Nc4 Nd6
23.a4 Qc7 24.Rbc1 Rac8 25.Bh3 Nf7 26.Qc3 h5 27.a5 c5 28.bxc5 bxc5 29.Rb1 Qc6
30.Qb3 Nd6 31.Nxd6 Qxd6 32.Qc4 Rc7 33.Rb5 Rdc8 34.Rc1 Rd8 35.Rxc5 Rxc5 36.Bxc5 Qc7
37.a6 Qd7 38.Bxf8 Kxf8 39.Bxe6 Qxd3 40.Qxd3 Rxd3 41.Rc8+ Ke7 42.Bd5 Bh6 43.Rc7+ Kd8
44.Rxa7 Rxg3+ 45.Kf1 Ra3 46.Rh7 Rxa6 47.Rh8+ Ke7 48.Rxh6 Rf6 49.Rh7+ Kf8
50.Rc7 Rf4 51.Rc6 Kg7 52.Re6 Rxh4 53.Rxe5 Rf4 54.Re7+ Kf8 55.Rh7 h4 56.Rh6 g5
57.Rh5 Rg4 58.f3 Rg3 59.e5 g4 60.Rxh4 gxf3 61.Rf4+ Ke7 62.Rf7+  1-0

[Event "DEN-chT 9798"]
[Site "Denmark"]
[Date "1997.11.16"]
[Round "3"]
[White "Hamann, Svend"]
[Black "Nielsen, Peter Heine"]
[Result "1/2-1/2"]
[WhiteElo "2375"]
[BlackElo "2525"]

1.d4 Nf6 2.c4 e6 3.Nf3 d5 4.Nc3 Bb4 5.e3 O-O 6.cxd5 exd5 7.Be2 Re8 8.O-O c6
9.a3 Bd6 10.b4 a6 11.Qc2 g6 12.Bd3 Bg4 13.Ne1 Nbd7 14.f3 Be6 15.g3 a5 16.Rb1 axb4
17.axb4 Qe7 18.Qb2 Nb6 19.Bd2 Nh5 20.Ng2 Ng7 21.e4 f6 22.Rfe1 Qd7 23.Nf4 Bf7
24.Ra1 Ne6 25.Nfe2 Bf8 26.Be3 Bg7 27.b5 Rxa1 28.Rxa1 c5 29.dxc5 d4 30.cxb6 dxe3
31.Bc4 Ng5 32.Bxf7+ Qxf7 33.Rf1 Rd8 34.Nd5 f5 35.Qb3 fxe4 36.fxe4 Nf3+ 37.Kg2 Ne1+
38.Kg1 Nf3+ 39.Kg2 Ne1+ 40.Kg1 Nf3+  1/2-1/2

[Event "Asker 75th"]
[Site "Asker"]
[Date "1997.11.23"]
[Round "2"]
[White "Nielsen, Peter Heine"]
[Black "Johannessen, Leif Erlend"]
[Result "1/2-1/2"]
[WhiteElo "2515"]
[BlackElo "2330"]

1.c4 e5 2.Nc3 Nf6 3.Nf3 Nc6 4.g3 d5 5.cxd5 Nxd5 6.Bg2 Nb6 7.O-O Be7 8.a3 O-O
9.b4 Be6 10.Rb1 f6 11.d3 a5 12.b5 Nd4 13.Ne1 c6 14.a4 Bb4 15.Bd2 Bg4 16.h3 Bh5
17.g4 Bf7 18.bxc6 Nxc6 19.Nf3 Nd5 20.Nxd5 Bxd5 21.Be3 Rc8 22.Nd2 Bxg2 23.Kxg2 Bxd2
24.Qxd2 Nb4 25.Rfc1 Qd5+ 26.f3 Rc6 27.Rxc6 Qxc6 28.Qb2 Qxa4 29.Bc5 Rc8 30.Bxb4 axb4
31.Qxb4 Qxb4 32.Rxb4 Rc7 33.Rb6 Kf7 34.h4 Re7 35.h5 h6 36.Kf2 Ke8 37.Ke3 Kd8
38.Rb2 Kc7 39.f4 Kc6 40.fxe5 Rxe5+ 41.Kf4 b5 42.d4 Re7 43.e4 Rb7  1/2-1/2

[Event "Asker 75th"]
[Site "Asker"]
[Date "1997.11.24"]
[Round "3"]
[White "Gausel, Einar"]
[Black "Nielsen, Peter Heine"]
[Result "1/2-1/2"]
[WhiteElo "2540"]
[BlackElo "2515"]

1.d4 Nf6 2.c4 e6 3.Nf3 d5 4.Nc3 Be7 5.Bg5 h6 6.Bh4 O-O 7.e3 b6 8.Bd3 Bb7
9.Bxf6 Bxf6 10.cxd5 exd5 11.O-O c5 12.Rc1 cxd4 13.exd4 Nc6 14.Bb1 Re8 15.Qd3 g6
16.a3 Na5 17.Ba2 Rc8 18.b4 Nc4 19.Nxd5 b5 20.Nxf6+ Qxf6 21.d5 Red8 22.Bxc4 bxc4
23.Qc3 Qxc3  1/2-1/2